000 00440pam a2200157 a 4500
020 _a9789380207032
_c0.00
040 _aPDPU_382007
041 _aeng
100 _aPrasad, Amar Nath
245 _aThe champions of indian fiction in english
_cEd By Amar Nath Prasad And Jaya Srivastava
260 _aJaipur
_bSunrise Publishers & Distributors
_c2009
300 _a210p.
600 _aFiction
700 _aSrivastava, Jaya
930 _a9097
999 _c86003
_d86003